[Event "Rhein Main op-A 25th"]
[Site "Bad Homburg"]
[Date "2023.06.10"]
[Round "5"]
[White "Akhmatovski, Maxim"]
[Black "Dornblueth, Christian"]
[Result "1-0"]
[WhiteElo "2018"]
[BlackElo "1943"]
[PlyCount "109"]
[EventDate "2023.06.07"]
[EventType "swiss"]
[EventRounds "7"]
[EventCountry "GER"]
[SourceTitle "CBM 215 Extra"]
[Source "ChessBase"]
[SourceDate "2023.09.30"]
[SourceVersion "1"]
[SourceVersionDate "2023.09.30"]
[SourceQuality "1"]

1. d4 Nf6 2. Nc3 d5 3. Bf4 c6 4. e3 Bf5 5. f3 h5 6. Bd3 Bxd3 7. Qxd3 e6 8. e4 Be7 9. 0-0-0 Na6 10. Nge2 Qa5 11. Kb1 0-0-0 12. Nc1 b5 13. Nb3 Qb6 14. a4 Nb4 15. Qe2 a6 16. a5 Qa7 17. Qf2 Nd7 18. Be3 Nf6 19. e5 Nd7 20. Ne2 c5 21. dxc5 Qc7 22. f4 Kb8 23. c3 Nc6 24. Ned4 Ka8 25. Nxc6 Qxc6 26. Nd4 Qc7 27. b4 Nb8 28. Nf3 g6 29. g3 Nc6 30. h3 Rb8 31. Bd4 Rbf8 32. Qe3 Kb7 33. Qd3 Qd8 34. Ka2 Ka8 35. g4 Qe8 36. f5 Bd8 37. Rdf1 gxf5 38. gxf5 Rhg8 39. f6 Rg2+ 40. Ka3 Bxa5 41. Nh4 Rgg8 42. bxa5 Nxa5 43. Rhg1 Nc4+ 44. Kb3 a5 45. Nf3 b4 46. cxb4 Qb5 47. Qc3 Rxg1 48. Bxg1 axb4 49. Qxb4 Na5+ 50. Kc3 Qxf1 51. Qxa5+ Kb8 52. Qb6+ Kc8 53. Qc6+ Kd8 54. Qd6+ Kc8 55. Qxf8+ 1-0